| 000 | 00534nam a2200181 a 4500 | ||
|---|---|---|---|
| 005 | 20140310183155.0 | ||
| 008 | 970101s19uu xx 00 eng d | ||
| 020 | _a9711111217 | ||
| 050 |
_aQA 76.73.B3 _b.M189 1994 |
||
| 100 | _aMagdalena, Federico V. | ||
| 245 |
_aIntroduction to computer applications / _cFederico V. Magdalena. |
||
| 260 |
_aMarawi, City : _bUniversity Book Center, _c1994. |
||
| 300 |
_aX, 244 p. : _bill. ; _c23 cm. |
||
| 521 | _aIT | ||
| 650 | _aComputer programs | ||
| 942 |
_cBK _2lcc _kFOR |
||
| 999 |
_c19734 _d19734 |
||